Recommendations on the transport of dangerous goods: manual of tests and criteria (Record no. 55766)
[ view plain ]
| 000 -LEADER | |
|---|---|
| fixed length control field | 00850nam a2200169 a 4500 |
| 008 - FIXED-LENGTH DATA ELEMENTS--GENERAL INFORMATION | |
| fixed length control field | 180905s2017 ||||||||||||||||| || u |
| 020 ## - INTERNATIONAL STANDARD BOOK NUMBER | |
| International Standard Book Number | 9789211391626 |
| 050 ## - LIBRARY OF CONGRESS CALL NUMBER | |
| Classification number | UNO(058)MTC/2017 |
| 110 ## - MAIN ENTRY--CORPORATE NAME | |
| Corporate name or jurisdiction name as entry element | United Nations Organisation (UNO) |
| 245 10 - TITLE STATEMENT | |
| Title | Recommendations on the transport of dangerous goods: manual of tests and criteria |
| Statement of responsibility, etc. | by United Nations Organisation [UNO] |
| 260 ## - PUBLICATION, DISTRIBUTION, ETC. | |
| Place of publication, distribution, etc. | New York |
| Name of publisher, distributor, etc. | United Nations Organization (UNO) |
| Date of publication, distribution, etc. | 2017 |
| 300 ## - PHYSICAL DESCRIPTION | |
| Extent | v, 30 pages : illustrations |
| 650 ## - SUBJECT ADDED ENTRY--TOPICAL TERM | |
| Topical term or geographic name entry element | HAZARDOUS SUBSTANCES--TRANSPORTATION--LAW AND LEGISLATION |
| 650 ## - SUBJECT ADDED ENTRY--TOPICAL TERM | |
| Topical term or geographic name entry element | HAZARDOUS SUBSTANCES--TRANSPORTATION--SAFETY REGULATIONS--EUROPE |
| 650 #0 - SUBJECT ADDED ENTRY--TOPICAL TERM | |
| Topical term or geographic name entry element | HAZARDOUS SUBSTANCES--TRANSPORTATION |
| 995 ## - RECOMMENDATION 995 [LOCAL, UNIMARC FRANCE] | |
| -- | CBU-MAIN LIBRARY (Kitwe) |
| -- | 1 |
| -- | AVAILABLE |
| -- | Sep 5, 2018 |
| -- | United Nations Children's Fund |
| -- | University Collection |
| Withdrawn status | Lost status | Source of classification or shelving scheme | Damaged status | Not for loan | Home library | Current library | Shelving location | Date acquired | Total Checkouts | Full call number | Barcode | Date last seen | Price effective from | Koha item type |
|---|---|---|---|---|---|---|---|---|---|---|---|---|---|---|
| CBU-MAIN LIBRARY, KITWE. | CBU-MAIN LIBRARY, KITWE. | 11/30/2022 | UNO(058)MTC/2017 | B3649 | 11/30/2022 | 11/30/2022 | MONOGRAPH |